Media, society, world : social theory and digital media practice

Αποθηκεύτηκε σε:
Λεπτομέρειες βιβλιογραφικής εγγραφής
Κύριος συγγραφέας: Couldry, Nick
Μορφή: Βιβλίο
Γλώσσα:English
Δημοσίευση: Cambridge : Polity Press, c2012
Θέματα:
Ετικέτες: Προσθήκη ετικέτας
Δεν υπάρχουν, Καταχωρήστε ετικέτα πρώτοι!

MARC

LEADER 00000nam a2200000 i 4500
001 1/51080
008 140707s2012 eng d
020 |a 978-0-7456-3920-8 
035 |l 10118270 
040 |a GR-MY-UA  |b gre  |e aacr 
041 0 |a eng 
082 0 |a 302.23  |2 (23) 
100 1 |a Couldry, Nick. 
245 1 0 |a Media, society, world :  |b social theory and digital media practice /  |c Nick Couldry 
260 |a Cambridge :   |b Polity Press,   |c c2012 
300 |a xii, 311 σ.;  |b εικ.;  |c 24 εκ. 
504 |a Περιλαμβάνει βιβλιογραφικές αναφορές και ευρετήριο 
650 0 0 |a Mass media  |x Social aspects. 
650 0 0 |a Communication  |x Social aspects. 
852 |a INST  |b LESVOS  |e 20140707  |h 302.23 COU  |p 005100054546  |q 005100054546  |t BK  |y 0 
901 |a BIBL1-2014-2 
909 |a Λ  |b 189434 
922 |a 1ΕΛΗ  |b 201406  |c ΤΠΤΕ  |d ΔΙΑΔΡΟΜΕΣ 
970 |a ΤΖΑΦΕΡΗ  |b ΕΥΑΓΓΕΛΙΑ  |z 2014/07/07